| 000 | 00953cam a22002771 4500 | ||
|---|---|---|---|
| 999 |
_c128896 _d128896 |
||
| 001 | 8402762 | ||
| 003 | ARRUPE | ||
| 005 | 20190205105723.0 | ||
| 008 | 770414s1956 enka 000 0 eng | ||
| 010 | _a 56044047 | ||
| 015 | _aGB56-13662 | ||
| 035 | _a(OCoLC)2888243 | ||
| 040 |
_aDLC _cScCC _dOCoLC _dUk _dOCoLC _dDLC |
||
| 041 | 1 |
_aeng _hger |
|
| 042 | _apremarc | ||
| 050 | 0 | 0 |
_aSPC. GN75.A9 _bK65 1956 |
| 082 |
_a573.7 _a573.6* |
||
| 100 | 1 |
_aKoenigswald, G. H. R. von _q(Gustav Heinrich Ralph), _d1902-1982. _944372 |
|
| 245 | 1 | 0 |
_aMeeting prehistoric man. _c[Translated from the German by Michael Bullock] Illustrated with 38 photos. and 48 drawings. |
| 260 |
_aLondon, _aNew York, _bThames and Hudson _c[1956] |
||
| 300 |
_a216 p. _billus. _c23 cm. |
||
| 650 | 0 |
_aPrehistoric peoples. _928897 |
|
| 650 | 0 |
_aCraniology. _944250 |
|
| 906 |
_a7 _bcbc _coclcrpl _du _encip _f19 _gy-gencatlg |
||
| 942 |
_2lcc _cSPC |
||